Claudio Linati (Record no. 5666)

MARC details
000 -CABECERA
campo de control de longitud fija 01052nam a2200241 a 4500
001 - NÚMERO DE CONTROL
campo de control BRCA_5977
005 - FECHA Y HORA DE LA ÚLTIMA TRANSACCIÓN
campo de control 20190320205302.0
008 - DATOS DE LONGITUD FIJA--INFORMACIÓN GENERAL
campo de control de longitud fija 280311s2010----mx-a######---#000-0#spa-#
020 ## - NÚMERO INTERNACIONAL ESTÁNDAR DEL LIBRO
Número Internacional Estándar del Libro 9786070213342
041 ## - CÓDIGO DE LENGUA
Código de lengua del texto/banda sonora o título independiente spa
044 ## - CÓDIGO DEL PAÍS DE LA ENTIDAD EDITORA/PRODUCTORA
Código MARC del país mx
050 #4 - SIGNATURA TOPOGRÁFICA DE LA BIBLIOTECA DEL CONGRESO
Número de clasificación PQ4866.L5
Número de documento/Ítem .F36 2010
100 1# - ENTRADA PRINCIPAL--NOMBRE DE PERSONA
Nombre de persona Fantechi, Francesco
9 (RLIN) 15093
245 10 - MENCIÓN DE TÍTULO
Título Claudio Linati
Resto del título la vida aventurera de un revolucionario europeo del siglo XIX que introdujo la litografía a México y se involucró en sus afanes republicanos
Mención de responsabilidad, etc. Francesco Fantechi ; traducción Miguel Bustos García.
260 ## - PUBLICACIÓN, DISTRIBUCIÓN, ETC.
Lugar de publicación, distribución, etc. México
Nombre del editor, distribuidor, etc. UNAM, Escuela Nacional de Artes Plásticas
Fecha de publicación, distribución, etc. 2010
300 ## - DESCRIPCIÓN FÍSICA
Extensión 217 p.
Otras características físicas il. (algunas a color)
Dimensiones 20 cm.
500 ## - NOTA GENERAL
Nota general Traducción de: Claudio Linati: la litografia, pretesto di un revoluzionario, Italia e Messico
600 14 - PUNTO DE ACCESO ADICIONAL DE MATERIA--NOMBRE DE PERSONA
Nombre de persona Linati, Claudio
Fechas asociadas al nombre 1790-1832
Subdivisión de forma Novela
9 (RLIN) 15094
650 14 - PUNTO DE ACCESO ADICIONAL DE MATERIA--TÉRMINO DE MATERIA
Término de materia o nombre geográfico como elemento de entrada Litografía italiana
Subdivisión de forma Novela
Subdivisión general Historia
Subdivisión cronológica Siglo XIX
Subdivisión geográfica México
9 (RLIN) 15095
651 #4 - PUNTO DE ACCESO ADICIONAL DE MATERIA--NOMBRE GEOGRÁFICO
Nombre geográfico México
Subdivisión de forma Novela
Subdivisión general Historia
Subdivisión cronológica Siglo XIX
9 (RLIN) 15096
700 1# - PUNTO DE ACCESO ADICIONAL--NOMBRE DE PERSONA
Nombre de persona Bustos García, Miguel
Término indicativo de función/relación tr.
9 (RLIN) 15097
942 ## - ELEMENTOS DE PUNTO DE ACCESO ADICIONAL (KOHA)
Fuente del sistema de clasificación o colocación Library of Congress Classification
Tipo de ítem Koha Libros
Holdings
Estado de retiro Estado de pérdida Estado dañado No para préstamo Localización permanente Ubicación/localización actual Fecha de adquisición Total de préstamos Signatura topográfica completa Código de barras Fecha visto por última vez Precio válido a partir de Tipo de ítem Koha
El ejemplar forma parte de la colección y puede ser consultado según las políticas vigentes.       Biblioteca del Museo Franz Mayer (Rogerio Casas-Alatriste) Biblioteca del Museo Franz Mayer (Rogerio Casas-Alatriste) 28/03/2011   PQ4866.L5 .F36 2010 02520 22/03/2019 22/03/2019 Libros